El almuerzo desnudo /

Збережено в:
Бібліографічні деталі
Автор: Burroughs, William S. (autor)
Формат: Книга
Мова:Іспанська
Опубліковано: Barcelona, España : Bruguera, 1980, c1980
Серія:(Club Bruguera ; 22)
Предмети:
Теги: Додати тег
Немає тегів, Будьте першим, хто поставить тег для цього запису!

MARC

LEADER 00000nam^a2200000^a^4500
001 000194883
005 20250521000000.0
009 20260310102732.439
020 |a 84-02-07172-4 
025 |a Donación sin dato, 1 ejemplar 
037 |a Acervo ITESO - Biblioteca 
041 |a ESP 
082 |a 813.  |b BUR 
100 |a Burroughs, William S.  |e (autor) 
240 1 4 |a [El almuerzo desnudo] 
245 1 3 |a El almuerzo desnudo /  |c W.S. Burroughs ; tr. por Martín Lendínez. 
264 4 |a Barcelona, España :  |b Bruguera,  |c 1980, c1980 
300 |a 280 p. 
336 |a texto  |b txt  |2 rdacontenido 
337 |a sin mediación  |b n  |2 rdamedio 
338 |a volumen  |b nc  |2 rdasoporte 
440 1 |a (Club Bruguera ;  |v 22) 
500 |a Traducción de: Naked Lunch 
649 |a XX 
650 |a Novela Norteamericana 
650 |a Generación Beat (Literatura Norteamericana) 
650 |a Literatura Norteamericana -  |y Siglo XX 
650 |a Drogadicción en la Literatura 
910 |a Fondo General 
920 |a Impresos - Libros 
930 |a Colección General 
940 |a Literatura 
905 |a 101 
901 |a 0500140509  |b IT1  |c LIT  |i D  |u 20250521 
902 |a https://opac.biblio.iteso.mx/vufind/Record/000194883